Vzaimodejstvije okislov metallov s uglerodom

Enregistré dans:
Détails bibliographiques
Format: Livre
Langue:russe
Publié: Moskva : Matallurgija, 1976
Sujets:
Tags: Ajouter un tag
Pas de tags, Soyez le premier à ajouter un tag!

MARC

LEADER 00000nam a22000003a 4500
001 stu43324
005 20141122041010.8
008 940831s1976----xxr-----------------rus-d
040 |a STU  |b slo 
041 0 |a rus 
044 |a xxr 
080 |a 669.017 
245 |a Vzaimodejstvije okislov metallov s uglerodom 
260 |a Moskva :  |b Matallurgija,  |c 1976 
300 |a 358 s 
650 7 |a kovy  |2 stusub 
996 |b 284M053465  |c M*8678-1  |l MMKN  |s A  |a 24  |w stu43324_0001